| 000 | 01362 a2200217 4500 | ||
|---|---|---|---|
| 003 | Nust | ||
| 005 | 20221125123833.0 | ||
| 010 | _a7652135 | ||
| 020 | _a0316091960 (pbk.) | ||
| 040 | _cNust | ||
| 082 | 0 | 0 | _a523.1,BER |
| 100 | 1 |
_aBerman, Louis. _9103615 |
|
| 245 | 1 | 0 |
_aExploring the cosmos / _cLouis Berman, J.C. Evans. |
| 250 | _a2nd ed. | ||
| 260 |
_aBoston : _bLittle, Brown, _cc1986. |
||
| 300 |
_axi, 579 p., [16] p. of plates : _bill. (some col.) ; _c26 cm. |
||
| 505 | _aIntroduction to the Cosmos (Page-1), Early Descriptions of the Cosmos (Page-13), Widening Cosmos logical Horizons (Page-29), Celestial Radiation and the Atom (Page-41), Telescopes and Their Accessories (Page-65), Our Blue White Planet Earth (Page-87), The Moon A Marred World (Page-109), The Solar Systems (Page-131), Planets Satellites and Minor Bodies (Page-147), The Sun Our Bridge to the Stars (Page-187), The Galaxy Studding its Stars (Page-211), The Galaxy and Gas (Page-237), Life Cycles of the Stars (Page-259), Galaxies (Page-287), Cosmic Violence (Page-309), Introduction to Relativity (Page-329), Cosmology (Page-345), Astronomy in Space (Page-361), Exobiology Life on Other Worlds (Page-375), Interstellar Flight and Communication (Page-389), Epilogue (Page-399). | ||
| 650 | 0 | _aAstronomy. | |
| 700 | 1 |
_aEvans, J. C. _d1938- _9103616 |
|
| 942 |
_2ddc _cBK _k523.1,BER |
||
| 999 |
_c181377 _d181377 |
||